[Event "10th LCC FIDE Open 2018"]
[Site "London"]
[Date "2018.12.10"]
[Round "2"]
[White "Paterek, Michal"]
[Black "Gant, Chris J"]
[Result "1-0"]
[WhiteElo "2328"]
[BlackElo "2135"]
[Annotator "TA"]
[PlyCount "67"]
[EventDate "2018.12.09"]
[EventType "swiss"]
[EventCountry "ENG"]
[SourceTitle "playchess.com"]
[Source "ChessBase"]
[SourceQuality "1"]

{[%evp 22,67,62,58,64,64,72,51,59,42,70,9,28,-27,106,85,104,78,86,62,77,78,103,95,158,145,169,94,119,125,252,249,279,223,397,407,386,352,492,475,731,646,651,598,759,697,801,783]} 1. d4 {[%cal Bd2d4,Bd4d5][%mdl 32]} Nf6 2. c4 c5 3. d5 b5 4. cxb5 a6 5. b6 d6 6. Nc3 Qxb6 7. a4 {[%cal Ba2a4,Ba4a5][%mdl 32]} Nbd7 8. a5 Qa7 {A57: Benko/Volga Gambit} 9. e4 g6 10. f4 Bg7 11. Bc4 O-O 12. Nf3 {LiveBook: 3 Games} Rb8 13. O-O Ne8 14. Qd3 Nc7 15. Kh1 Nb5 16. Ra2 $146 ({Weaker is} 16. Nxb5 axb5 17. Ba2 (17. Bxb5 $2 Rxb5 18. Qxb5 Ba6 $19 {[%mdl 64] Skewer}) 17... Qxa5 $17) (16. Na4 $14) ({Predecessor:} 16. Bd2) 16... Nf6 $11 17. Na4 (17. f5 $142) 17... Ne8 (17... e6 $1 $11 {remains equal.}) 18. Be3 Qc7 19. Nb6 Nf6 20. Nxc8 (20. Rc1 {feels hotter.} Ng4 21. Bg1 Nf6 22. e5 Bf5 23. Qd2) 20... Rfxc8 21. b3 Qd7 22. Re2 Qc7 ({Black should try} 22... Rf8) 23. Bd2 $16 Nd7 {[#]} 24. Rc1 ({Better is} 24. e5 $1 $18 {[%mdl 512]}) 24... Bb2 25. Rce1 Bg7 (25... Nd4 $16) 26. e5 $18 Rf8 27. h4 Rfe8 $2 {[#]} (27... Nd4) 28. h5 $1 {[%mdl 512]} Nf8 (28... gxh5 29. Qf5) 29. hxg6 hxg6 30. f5 {[%cal Bf4f5,Bf5e6][%mdl 32] White is clearly winning.} Nd4 (30... Na3 $142 31. f6 {[%mdl 64] Deflection} exf6 32. exd6 {[%mdl 64] Discovered Attack} Qd7) 31. Nxd4 cxd4 32. e6 fxe6 33. fxe6 Bf6 34. Re4 {Accuracy: White = 66%, Black = 20%.} 1-0

[Event "10th LCC FIDE Open 2018"]
[Site "London"]
[Date "2018.12.10"]
[Round "2"]
[White "Fischer, Daniel"]
[Black "Menzies, Colin"]
[Result "1/2-1/2"]
[WhiteElo "2324"]
[BlackElo "2132"]
[Annotator "TA"]
[PlyCount "165"]
[EventDate "2018.12.09"]
[EventType "swiss"]
[EventCountry "ENG"]
[SourceTitle "playchess.com"]
[Source "ChessBase"]
[SourceQuality "1"]

{[%evp 16,165,20,10,29,24,46,33,52,20,37,38,38,36,37,41,44,37,57,31,45,52,41,23,31,12,28,35,14,0,8,9,25,0,8,-28,37,41,147,141,139,150,147,156,179,186,239,239,252,242,209,230,227,218,288,229,230,206,211,216,275,175,191,103,150,156,212,146,502,510,510,458,879,797,747,500,443,244,257,257,272,268,216,8,305,203,633,630,535,258,258,258,258,258,258,258,258,258,258,257,257,96,257,169,258,258,258,258,258,258,258,258,258,28,58,58,106,100,177,177,199,199,245,252,245,236,236,0,236,207,207,50,50,50,50,50,50,50,236,236,236,236,294,294,294,236,236,236,236,8,8,8]} 1. e4 c6 2. d4 d5 3. Nc3 dxe4 4. Nxe4 Bf5 5. Ng3 Bg6 6. Nf3 Nd7 7. Bc4 e6 8. O-O Ngf6 9. Re1 {LiveBook: 65 Games} Nb6 {B18: Classical Caro-Kann: 4...Bf5 sidelines} (9... Qc7 10. Nh4 Be7 11. c3 Nd5 12. Nxg6 hxg6 13. Qf3 Rd8 14. h3 N7f6 15. Bf1 b5 16. a4 a6 17. Bd2 {1-0 (39) Bogner,S (2605)-Pelletier,Y (2551) Lenzerheide 2018}) 10. Bb3 {[%cal Bc4b3,Bb3d1,Bd1f3][%mdl 32]} Be7 11. c3 O-O {White is slightly better.} 12. Nh4 c5 13. Nxg6 hxg6 14. dxc5 Qxd1 15. Bxd1 Bxc5 16. Bf3 Nbd5 $146 ({Predecessor:} 16... Nfd5 17. Ne4 {½-½ (17) Geissler,D (2070)-Lange,H (2206) Dresden 2001}) 17. Bg5 Rab8 18. Rad1 b5 19. Rd3 Nb6 20. Re5 Nfd7 21. Re2 Nf6 22. b3 Rbc8 23. Bb7 Rb8 24. Bc6 Nbd5 25. Ne4 Nxe4 (25... Rfc8 $1 $11 26. Nxf6+ (26. Nxc5 Rxc6 27. b4 Ra8 $15) 26... gxf6 27. Bxd5 fxg5) 26. Rxe4 $14 Ne7 (26... Nf6 $14) 27. Bd7 $1 $16 Rb7 28. b4 $36 {[%mdl 2048] Keeping Black busy.} Nd5 29. Bc6 {[%mdl 64] Double Attack} (29. bxc5 Rxd7 30. c4 bxc4 $11) 29... Rc7 30. Bxb5 ({Worse is} 30. bxc5 Rxc6 31. c4 bxc4 $15) (30. Bxd5 exd5 31. Rxd5 Bb6 $16) 30... Bxf2+ (30... Rb8 $142) 31. Kxf2 $18 Nxc3 32. Rxc3 Rxc3 33. a4 Rb3 34. Be3 Ra8 35. Ba6 f5 36. Rc4 Rb2+ 37. Kf3 e5 38. h4 Kh7 39. b5 (39. Bc8 $18) 39... Rb3 40. Ke2 Rb2+ (40... Rd8 $16) 41. Kd3 $1 Rxg2 $2 {[%mdl 8192]} (41... Ra2 $16 {is tougher.}) 42. Rc8 $1 {[%cal Rc8a8]} Rxc8 43. Bxc8 Rg3 (43... e4+ $142 44. Kc3 (44. Kd4 Ra2 $11) 44... Rg3) 44. Ke2 Rg2+ 45. Kf1 Rc2 46. Ba6 (46. Bd7 $142) 46... Ra2 47. Bxa7 {aiming for b6.} Rxa4 48. Bb8 $1 e4 49. Bf4 $2 ({White must play} 49. Bb7 $1 $18) 49... Ra1+ $2 {[%mdl 8192]} (49... g5 $1 $11 50. hxg5 Kg6) 50. Ke2 Rb1 $2 (50... g5 51. Bxg5 (51. hxg5 Kg6 $14) 51... Ra5) 51. Kd2 Rf1 52. b6 (52. Be5 $142) 52... Rxf4 {[%mdl 4096] Endgame KR-KB} 53. b7 e3+ 54. Kc3 Re4 55. b8=Q e2 56. Bxe2 $1 Rxe2 {KQ-KR} 57. Kd3 Re4 58. Qd8 $2 (58. Qg3 $18 {has better winning chances.}) 58... Ra4 $2 (58... Rg4 $16 59. Ke2 Re4+ 60. Kf2 Rg4) 59. Ke3 Ra3+ (59... Re4+ {was necessary.} 60. Kd2 Rf4) 60. Kd4 Ra4+ 61. Kd5 Ra6 62. Qg5 Ra5+ 63. Kc6 Ra6+ 64. Kb7 $2 ({White should try} 64. Kc5 $18) 64... Rf6 $1 $11 65. Qf4 {And now Kc7 would win.} Re6 66. Kc8 {Strongly threatening Kc7.} Re4 (66... Rf6 $16 {was called for.} 67. Kd7 Rb6) 67. Qg5 {Hoping for h5.} Rg4 68. Qd8 Rc4+ 69. Kb7 Re4 70. Kc6 Re6+ 71. Kd5 $2 (71. Kc5 $18) 71... Rf6 $2 (71... Ra6 $1 $11 {and Black stays safe.}) 72. Ke5 $18 f4 73. Qd2 f3 74. Qf2 Kh8 75. Ke4 Kh7 76. Ke3 {Black must now prevent Kd2.} Kh6 $2 (76... Re6+ $1 $14 77. Kf4 Rf6+ 78. Kg3 Rf5) 77. Kd2 Kh7 {[#]} 78. Ke1 $1 Re6+ 79. Kf1 Rf6 80. Kg1 Kh8 81. Kh2 Kh7 {[#]} 82. Kg3 $2 (82. Kh1 $1 $18) 82... Kh8 $11 83. Kg4 {Accuracy: White = 48%, Black = 45%.} 1/2-1/2

[Event "10th LCC FIDE Open 2018"]
[Site "London"]
[Date "2018.12.10"]
[Round "2"]
[White "Lyell, Mark"]
[Black "Osborne, Marcus E"]
[Result "1/2-1/2"]
[WhiteElo "2317"]
[BlackElo "2128"]
[Annotator "TA"]
[PlyCount "73"]
[EventDate "2018.12.09"]
[EventType "swiss"]
[EventCountry "ENG"]
[SourceTitle "playchess.com"]
[Source "ChessBase"]
[SourceQuality "1"]

{[%evp 15,73,0,10,-27,-19,-43,0,-51,-33,-69,-58,-82,-90,-122,-84,-103,-85,-113,-8,-22,0,0,0,-12,71,48,146,123,123,137,145,155,143,133,125,118,172,174,224,220,248,245,235,97,110,30,32,0,0,0,0,-408,0,0,0,0,0,0,0,0]} 1. e4 e6 2. d4 d5 3. e5 c5 4. c3 Qb6 5. Nf3 Nc6 6. a3 c4 7. Nbd2 Na5 8. Be2 Bd7 {LiveBook: 326 Games} 9. Nf1 {[%cal Bd2f1,Bf1g3,Bg3h5,Bh5g7,Bg7e6][%mdl 32] C02: French: Advance Variation} (9. O-O Ne7 10. Rb1 Qc7 11. Ne1 Nc8 12. f4 Nb6 13. Bg4 g6 14. Ndf3 O-O-O 15. Be3 h6 16. Bf2 Kb8 17. Bh4 Re8 18. Qd2 Na4 {1-0 (61) Jones,G (2677)-Nihal,S (2572) Douglas 2018}) 9... O-O-O 10. Ng3 $146 ({Predecessor:} 10. Ne3 f6 11. O-O Be8 12. exf6 gxf6 13. Nh4 Ne7 14. f4 Ng6 15. Nxg6 hxg6 16. Ng4 Bg7 {0-1 (48) Langner,L (2399)-Petrik,T (2470) Czech Republic 2017}) 10... f5 11. Bg5 (11. h4 $11) 11... Ne7 $1 $15 12. Rb1 h6 13. Bxe7 Bxe7 14. O-O g5 15. Nh5 Be8 16. Nd2 f4 (16... g4 $1 $17 17. Nf4 Bg5) 17. Qc2 $11 Qc7 18. Bg4 {Ng7 is the strong threat.} Bf7 19. Qa4 {Strongly threatening Ng7.} Kb8 {[#]} (19... b6 $11 {keeps the balance.}) 20. Ng7 $1 $36 {[%mdl 2048] White is more active.} Rdg8 (20... Qc8 $14) 21. Nxe6 Qc8 {aiming for ...b6.} 22. Qxa5 Bxe6 23. Bxe6 Qxe6 24. b3 cxb3 25. Rxb3 Bd8 (25... Rd8 $16 26. Rc1 Rd7) 26. Qb5 $18 {[%csl Gb3][%cal Rb5b7]} Rg7 27. c4 dxc4 28. Nxc4 a6 {[#]} 29. Qb4 (29. Qa4 $1 $18) 29... Rc7 $16 30. Nd6 (30. Na5 $16 {[%cal Ra5b7]} Rhh7 31. Rfb1) 30... Be7 $1 $11 31. Rfb1 {Black must now prevent Qb6.} Rd8 $1 {[%cal Re7d6]} 32. Qxb7+ Rxb7 33. Rxb7+ Ka8 34. R7b6 {[%cal Rb6a6] The position is equal.} Ka7 {[%cal Re7d6]} 35. Rb7+ Ka8 36. R7b6 {[%cal Rb6a6]} Ka7 {[%cal Re7d6]} 37. Rb7+ {Accuracy: White = 44%, Black = 51%.} 1/2-1/2

[Event "10th LCC FIDE Open 2018"]
[Site "London"]
[Date "2018.12.10"]
[Round "2"]
[White "Van Zyl-Rudd, Jack"]
[Black "Sedykh, Mikhail"]
[Result "1-0"]
[WhiteElo "2306"]
[BlackElo "2118"]
[Annotator "NA RC"]
[PlyCount "61"]
[EventDate "2018.12.09"]
[EventType "swiss"]
[EventCountry "ENG"]
[SourceTitle "playchess.com"]
[Source "ChessBase"]
[SourceQuality "1"]
[TimeControl "40/5400+30:1800+30"]

1. d4 {[%emt 0:00:04]} Nf6 {[%emt 0:00:00]} 2. c4 {[%emt 0:00:30]} c5 {[%emt 0:00:00]} 3. d5 {[%emt 0:00:30]} e6 {[%emt 0:00:12]} 4. Nc3 {[%emt 0:00:30]} exd5 {[%emt 0:00:30]} 5. cxd5 {[%emt 0:00:30]} d6 {[%emt 0:00:30]} 6. e4 {[%emt 0:00:30]} g6 {[%emt 0:00:30]} 7. f4 {[%emt 0:00:30]} Bg7 {[%emt 0:00:30]} 8. Bb5+ {[%emt 0:00:30]} Nfd7 {[%emt 0:00:30]} 9. a4 {[%emt 0:00:30]} O-O {[%emt 0:00:30]} 10. Nf3 {[%emt 0:00:30]} Na6 {[%emt 0:00:30]} 11. O-O {[%emt 0:00:30]} Nb4 {[%emt 0:00:30]} 12. Be3 {[%emt 0:00:30]} a6 {[%emt 0:00:30] A67: Modern Benoni: Taimanov Variation} 13. Be2 {[%emt 0:00:30] LiveBook: 6 Games} Re8 {[%emt 0:00:30]} 14. Bf2 {[%emt 0:00:30]} Nf6 {[%emt 0:00:30]} 15. Nd2 {[%emt 0:00:30]} Rb8 {[%emt 0:00:30]} 16. Bg3 $146 {[%emt 0:00:30]} ({Predecessor:} 16. Bh4 Qc7 17. Kh1 Bd7 18. Bf3 Nd3 19. Nc4 Nxf4 20. Qd2 {1-0 (33) Mazur,S (2402)-Yilmaz,M (2482) Porto Carras 2010}) 16... Qd7 {[%emt 0:00:30]} 17. Bf3 {[%emt 0:00:30]} Ng4 {[%emt 0:00:30]} (17... b5 $11 {remains equal.}) 18. Nc4 {[%emt 0:00:30]} Bd4+ {[%emt 0:00:30]} 19. Kh1 {[%emt 0:00:30]} Ne3 {[%emt 0:00:30]} 20. Nxe3 {[%emt 0:00:30]} Bxe3 {[%emt 0:00:30]} 21. e5 {[%emt 0:00:30]} f5 {[%emt 0:00:30]} 22. exf6 {[%emt 0:00:30]} Qf5 {[%emt 0:00:30]} 23. h3 {[%emt 0:00:30]} Qxf6 {[%emt 0:00:30]} 24. Ne4 {[%emt 0:00:30]} Qd8 {[%emt 0:00:30] [#]} (24... Rxe4 $16 {was necessary.} 25. Bxe4 Bf5) 25. f5 $18 {[%emt 0:00:30]} Bxf5 {[%emt 0:00:30]} 26. Nxd6 {[%emt 0:00:30]} Bc2 {[%emt 0:00:30]} 27. Qe1 {[%emt 0:00:30]} Re7 {[%emt 0:00:30]} 28. Bg4 {[%emt 0:00:30]} Nxd5 {[%emt 0:00:30]} 29. Qe2 {[%emt 0:00:30]} Bf4 {[%emt 0:00:30]} 30. Be6+ {[%emt 0:00:30]} Kg7 {[%emt 0:00:30]} 31. Bxf4 {[%emt 0:00:30]} 1-0

[Event "10th LCC FIDE Open 2018"]
[Site "London"]
[Date "2018.12.10"]
[Round "2"]
[White "Abbas, Daniel"]
[Black "Karia, Rishul"]
[Result "1-0"]
[WhiteElo "2280"]
[BlackElo "1851"]
[Annotator "TA"]
[PlyCount "53"]
[EventDate "2018.12.09"]
[EventType "swiss"]
[EventCountry "ENG"]
[SourceTitle "playchess.com"]
[Source "ChessBase"]
[SourceQuality "1"]

{[%evp 9,53,43,67,29,133,145,216,216,232,140,261,261,790,758,737,379,383,391,370,372,370,351,425,421,433,441,435,433,437,441,437,435,435,436,561,560,582,578,649,649,627,581,976,925,966,978]} 1. e4 e5 2. Nf3 Nc6 3. Bb5 Nge7 4. Nc3 g6 5. d4 {[%cal Bd2d4,Bd4d5,Bd5d6][%mdl 32]} Bg7 {[%cal Rc6d4] LiveBook: 3 Games} (5... exd4 6. Nd5 Bg7 7. Bg5 h6 8. Bf6 Bxf6 9. Nxf6+ Kf8 10. Qd2 a6 11. Bc4 Nf5 12. Nd5 Nd6 13. Bd3 Kg7 14. O-O-O Re8 {1-0 (47) Navara,D (2726)-Movsesian,S (2653) Prague 2016}) 6. Be3 {And now d5 would win. C60: Ruy Lopez: Unusual Black 3rd moves and 3...g6} O-O {[#]} (6... exd4 $11 7. Nxd4 O-O) 7. d5 $1 $16 {[%cal Rd5c6]} Nb8 {[#]} (7... Nb4 $16) 8. d6 $146 {[%cal Rd6e7] White is clearly better.} ({Predecessor:} 8. Qd2 d6 9. Bh6 a6 10. Be2 Nd7 11. g4 Nb6 12. Ng1 c6 13. h4 cxd5 14. exd5 {1-0 (26) Claisse,P (1836)-Branson,J (1722) Montigny le Bretonneux 2013}) 8... Nec6 9. O-O Re8 (9... b6 $16 {was worth a try.} 10. Qd3 Nb4) 10. Bc4 {Bg5 is the strong threat.} Na5 $2 {[#]} (10... cxd6 11. Nb5 Bf8) 11. Bxf7+ $1 {[%mdl 576] Decoy} Kxf7 12. Qd5+ Re6 13. Ng5+ ({Much less strong is} 13. Qxa5 Rxd6 14. Nb5 (14. Nxe5+ Kg8 $18) 14... Rc6 $18) 13... Kg8 14. Nxe6 ({Don't do} 14. Qxa5 Rxd6 15. Qc5 Na6 $18) 14... dxe6 15. Qxa5 {[%mdl 64] Double Attack} Qxd6 16. Rad1 {White is clearly winning.} Qe7 17. Bc5 Nc6 18. Bxe7 Nxa5 19. Nb5 Nc6 20. Nxc7 Rb8 21. Bd6 Bf8 22. f4 Bxd6 23. Rxd6 exf4 24. Rxf4 e5 25. Rf2 Na5 26. Rd8+ Kg7 27. Rff8 {Accuracy: White = 68%, Black = 22%.} 1-0

[Event "10th LCC FIDE Open 2018"]
[Site "London"]
[Date "2018.12.10"]
[Round "2"]
[White "Merriman, John"]
[Black "Lochte, Szilvia"]
[Result "1-0"]
[WhiteElo "2261"]
[BlackElo "1843"]
[Annotator "RC"]
[PlyCount "63"]
[EventDate "2018.12.09"]
[EventType "swiss"]
[EventCountry "ENG"]
[SourceTitle "playchess.com"]
[Source "ChessBase"]
[SourceQuality "1"]
[TimeControl "40/5400+30:1800+30"]

1. d4 {[%emt 0:00:00]} d5 {[%emt 0:00:00]} 2. c4 {[%emt 0:00:00]} c6 {[%emt 0:00:00]} 3. Nc3 {[%emt 0:00:16]} Nf6 {[%emt 0:00:00]} 4. e3 {[%emt 0:00:29]} a6 {[%emt 0:00:35]} 5. c5 {[%emt 0:06:01]} Bf5 {[%emt 0:03:01]} 6. Nf3 {[%emt 0:01:25]} e6 {[%emt 0:05:10]} 7. Qb3 {[%emt 0:16:16]} Ra7 {[%emt 0:10:20]} 8. Nh4 {[%emt 0:05:15]} Bg4 {[%emt 0:12:37]} 9. h3 {[%emt 0:00:43]} Bh5 {[%emt 0:00:09]} 10. g4 {[%emt 0:01:04]} Nfd7 {[%emt 0:16:11]} 11. Ng2 {[%emt 0:05:05]} Bg6 {[%emt 0:00:11]} 12. Nf4 {[%emt 0:00:25]} b6 {[%emt 0:02:52]} 13. cxb6 {[%emt 0:16:43]} Nxb6 {[%emt 0:10:15]} 14. h4 {[%emt 0:01:11]} c5 {[%emt 0:17:17]} 15. dxc5 {[%emt 0:05:32]} Bxc5 {[%emt 0:01:26]} 16. h5 {[%emt 0:00:23]} Be4 {[%emt 0:02:03]} 17. Nxe4 {[%emt 0:00:46]} dxe4 {[%emt 0:00:05]} 18. Bd2 {[%emt 0:03:04]} e5 {[%emt 0:05:33]} 19. Ne2 {[%emt 0:00:42]} N8d7 {[%emt 0:03:07]} 20. Ng3 {[%emt 0:04:03]} Nf6 {[%emt 0:05:34]} 21. g5 {[%emt 0:02:20]} Ng4 {[%emt 0:01:58]} 22. Nxe4 {[%emt 0:02:11]} Be7 {[%emt 0:01:17]} 23. Rd1 {[%emt 0:11:59]} Nd7 {[%emt 0:00:58]} 24. Bh3 {[%emt 0:05:07]} f5 {[%emt 0:00:28]} 25. gxf6 {[%emt 0:00:23]} Ngxf6 {[%emt 0:00:22]} 26. Ng5 {[%emt 0:00:52]} Nd5 {[%emt 0:00:50]} 27. Qxd5 {[%emt 0:02:18]} Bxg5 {[%emt 0:00:12]} 28. Bc3 {[%emt 0:02:18]} Qe7 {[%emt 0:00:51]} 29. Bxd7+ {[%emt 0:01:36]} Rxd7 {[%emt 0:00:19]} 30. Qxd7+ {[%emt 0:00:27]} Qxd7 {[%emt 0:00:05]} 31. Rd4 Qd5 32. Rxd5 {[%emt 0:05:52] Kd7} 1-0

[Event "10th LCC FIDE Open 2018"]
[Site "London"]
[Date "2018.12.10"]
[Round "2"]
[White "Venkataramanan, T.S."]
[Black "Moussard, Jules"]
[Result "0-1"]
[WhiteElo "2253"]
[BlackElo "2591"]
[Annotator "TA"]
[PlyCount "126"]
[EventDate "2018.12.09"]
[EventType "swiss"]
[EventCountry "ENG"]
[SourceTitle "playchess.com"]
[Source "ChessBase"]
[SourceQuality "1"]

{[%evp 26,126,41,22,21,19,27,27,32,35,77,35,35,35,33,31,27,0,4,-10,-8,-8,-8,-8,-7,-10,-8,0,10,0,0,0,0,0,0,0,40,24,33,0,0,0,0,0,0,-10,0,0,0,0,0,0,163,170,145,48,48,24,24,0,0,0,0,0,0,0,0,0,0,0,0,0,0,0,0,0,0,-991,-74,-72,0,-8,0,-8,-8,-8,-8,-592,0,-592,-592,-592,-584,-29975,-29976,-29978,-29979,-29979,-29978,-29978,-29979,-29977,-29975]} 1. e4 c5 2. c3 Nf6 3. e5 Nd5 4. d4 cxd4 5. Nf3 Nc6 6. Bc4 Nb6 7. Bb3 d5 8. exd6 Qxd6 9. O-O Bf5 10. Nxd4 Nxd4 11. cxd4 e6 12. Nc3 Be7 13. Qf3 O-O 14. Rd1 {LiveBook: 3 Games. B22: Sicilian: 2 c3} (14. d5 Bg6 15. dxe6 fxe6 16. Qg3 Kh8 17. Re1 Qb4 18. Bg5 Bc5 19. Re2 Nc4 20. Bxc4 Qxc4 21. Qh4 Bd3 22. Qxc4 Bxc4 23. Rd2 Rf5 {½-½ (23) Arman,D (2324)-Raja,H (2420) Sitges 2017}) 14... a5 {...a4 is the strong threat.} 15. a4 $146 ({Predecessor:} 15. d5 Qb4 16. dxe6 fxe6 17. Be3 {1-0 (17) Hrvacic,P (2003)-McDowall,M (1859) LSS email 2009}) 15... Bg6 16. Bf4 {White has an edge.} Qc6 $1 17. d5 exd5 18. Bxd5 Nxd5 19. Nxd5 Bd8 $1 20. Rdc1 Qd7 21. Re1 Ra6 22. Rad1 Qxa4 23. Nc3 Qb4 {next ...Re6 is good for Black.} 24. Qg3 Qxb2 {Threatens to win with ...Re6.} 25. Bd6 {[#]} Rxd6 $1 26. Qxd6 (26. Rxd6 Bc7) 26... Bh4 27. g3 Qxc3 28. gxh4 {White wants to mate with Qxf8+!} Qc8 29. Rd4 h5 30. Re5 f6 31. Rxa5 Re8 32. Qd5+ (32. Rc5 $5 {[%cal Rc5c8]} Qh3 33. Rc1 $14) 32... Kh7 {Strongly threatening ...Re1+.} 33. Qf3 Re1+ 34. Kg2 Qe8 35. Qxb7 Be4+ 36. Rxe4 $1 Rxe4 37. Rxh5+ $1 $11 {[%mdl 4096] Endgame KQR-KQR} Kg6 38. Rh8 Qe6 $2 (38... Rg4+ $11 39. Kh3 Qxh8 40. Kxg4 Qh5+ 41. Kh3 Qf5+ 42. Kg3 Qe5+ 43. Kf3 Qf5+ 44. Kg3 Qe5+ 45. Kf3 Qxh2 46. Qe4+ Kf7) 39. h5+ $1 $18 Kf5 40. Qb5+ ({White should try} 40. h3 $1 $16 Rf4 41. Rh7) 40... Kf4 $14 {( -> ...Qg4+)} 41. h3 {aiming for h6.} Rd4 42. Re8 (42. Qb8+ {is interesting.} Qd6 43. Qxd6+ Rxd6 44. Rh7 f5 45. Rxg7 Rh6 46. Ra7) 42... Qd5+ 43. Qxd5 Rxd5 $11 {KR-KR} 44. Rh8 Rg5+ 45. Kf1 Kf3 46. h6 Ra5 {[%cal Ra5a1]} 47. Ke1 gxh6 48. Rxh6 Ra1+ 49. Kd2 f5 50. Rh4 f4 51. Rg4 $2 {[%mdl 8192] [#]} (51. Rh7 $11) 51... Rh1 $2 (51... Rf1 $1 $19 {[%cal Rf1f2] has better winning chances.} 52. Kd3 Rxf2) 52. Rh4 $17 {[#]} Rf1 ({Reject} 52... Kxf2 53. Rxf4+ Kg3 54. Rf7 $11) (52... Rg1 $1 $17) 53. Rh8 Rxf2+ 54. Kd3 Rh2 {Hoping for ...Kg2.} 55. h4 $1 Kg2 56. h5 $2 {[%mdl 8192]} (56. Ke4 $1 $11 {and White is okay.}) 56... Rh3+ $2 (56... f3 $19 57. h6 f2 58. Rg8+ Kf1) 57. Ke4 $2 {[%mdl 8192]} (57. Kd2 $11 {and White has nothing to worry.}) 57... f3 $19 58. Rg8+ Kf2 59. Kf4 Rxh5 {Black mates.} 60. Rb8 Rh4+ 61. Kg5 Rd4 62. Kf5 Kg2 63. Rg8+ Kf1 {Accuracy: White = 50%, Black = 56%.} 0-1

[Event "10th LCC FIDE Open 2018"]
[Site "London"]
[Date "2018.12.10"]
[Round "2"]
[White "Ghukasyan, Siranush"]
[Black "Istratescu, Andrei"]
[Result "0-1"]
[WhiteElo "2245"]
[BlackElo "2564"]
[Annotator "TA"]
[PlyCount "56"]
[EventDate "2018.12.09"]
[EventType "swiss"]
[EventCountry "ENG"]
[SourceTitle "playchess.com"]
[Source "ChessBase"]
[SourceQuality "1"]

{[%evp 16,56,25,-5,0,-13,3,-16,12,-12,-11,-15,-3,-25,-14,-35,-39,-85,-41,-69,-40,-47,-45,-59,-77,-79,-38,-37,-54,-174,-181,-183,-187,-250,-259,-735,-715,-916,-912,-910,-887,-1753,-1731]} 1. e4 c5 2. Nf3 Nc6 3. Bb5 e6 4. O-O Nge7 5. d4 cxd4 6. Nxd4 Qb6 7. Nxc6 {B30: Sicilian: 2...Nc6 3 Bb5, lines without ...g6} bxc6 8. Bd3 Ng6 9. Nd2 {LiveBook: 3 Games. White has an edge.} (9. c4 Bc5 10. Nc3 Qc7 11. Kh1 e5 12. Na4 Bd4 13. c5 d6 14. Be3 dxc5 15. Nxc5 Bxb2 {0-1 (56) Adams,M (2712)-Adhiban,B (2668) Douglas 2018}) 9... Be7 10. Re1 $146 ({Predecessor:} 10. b3 O-O 11. Bb2 d5 12. Kh1 Bd6 13. Nf3 Bb7 14. Qd2 c5 15. exd5 exd5 {½-½ (67) Fus,J (2195)-Fiszer,B (1991) Darlowko 2018}) 10... Qc7 11. Nf1 c5 12. c4 Bf6 13. Rb1 Rb8 14. Ne3 O-O 15. Bf1 Bb7 16. Nc2 Rbd8 $36 {[%mdl 2048] Black is pushing.} 17. b4 d5 18. exd5 exd5 19. bxc5 dxc4 20. Qg4 c3 (20... Bc3 $5 {[%cal Rc3e1]} 21. Re2 Bd5 $15) 21. Be3 Rfe8 22. Qg3 (22. Qa4 $15) 22... Be5 $19 23. f4 Bf6 24. Qf2 (24. f5 {might work better.} Qxg3 25. hxg3) 24... Be4 25. Bb5 $2 (25. Rbc1 Qa5 26. Nd4) 25... Bxc2 {Black is clearly winning.} 26. Qxc2 {[#]} Rxe3 $1 {[%mdl 512]} 27. Rxe3 Qxc5 28. Qe4 c2 {Accuracy: White = 26%, Black = 61%.} 0-1

[Event "10th LCC FIDE Open 2018"]
[Site "London"]
[Date "2018.12.10"]
[Round "2"]
[White "Haribalu, V.."]
[Black "Hillarp Persson, Tiger"]
[Result "0-1"]
[WhiteElo "2208"]
[BlackElo "2546"]
[Annotator "TA"]
[PlyCount "84"]
[EventDate "2018.12.09"]
[EventType "swiss"]
[EventCountry "ENG"]
[SourceTitle "playchess.com"]
[Source "ChessBase"]
[SourceQuality "1"]

{[%evp 9,84,33,47,19,46,19,24,-31,-21,-27,-26,-56,-33,-37,-42,-60,-45,-50,-5,-47,-67,-58,-56,-49,-58,-68,-64,-116,-92,-128,-125,-220,-208,-258,-263,-589,-581,-562,-537,-513,-353,-319,-241,-309,-283,-307,-321,-382,-384,-706,-703,-1078,-1090,-1110,-1158,-1153,-1104,-29981,-29981,-29972,-6463,-7953,-5856,-29983,-29984,-29989,-29990,-29990,-29988,-29988,-29989,-29989,-29990,-29990,-29991,-29991,-29992]} 1. d4 g6 2. Bf4 Bg7 3. Nc3 d6 4. e4 a6 (4... Nd7 5. Nf3 c6 6. Bc4 Nb6 7. Bb3 Nf6 8. h3 O-O 9. a4 a5 10. O-O Be6 11. d5 cxd5 12. exd5 {½-½ (47) Khotenashvili,B (2469)-Melia,S (2391) Telavi 2018}) 5. Qd2 Nd7 6. h4 {B06: Modern Defence} h6 7. g4 $146 ({Predecessor:} 7. Be3 b5 8. h5 g5 9. f4 gxf4 10. Bxf4 e5 11. dxe5 dxe5 12. Bg3 {½-½ (27) Weber,E (1982)-Kauschmann,H (2162) Berlin 2018}) 7... b5 {[%cal Bb7b5,Bb5b4][%mdl 32]} 8. a4 (8. f3 $11) 8... b4 9. Nd1 c5 10. d5 Ne5 $1 11. f3 e6 12. c4 exd5 (12... bxc3 {is interesting.} 13. Nxc3 Ne7 14. dxe6 Bxe6 15. Rd1 Bb3) 13. cxd5 Qf6 14. g5 hxg5 15. hxg5 Qxf4 $1 16. Qxf4 Rxh1 17. Kf2 f6 $1 18. Ne3 (18. Qg3 $15 fxg5 19. Ne3) 18... fxg5 $17 19. Qg3 {[#]} Ra7 $1 20. Rd1 (20. Ke2 $17 Nf6 21. Qg2) 20... Rf7 $19 21. Bg2 Rh8 22. Ne2 $2 ({Don't blunder} 22. Qxg5 $2 Bf6 $19) (22. Ke1 {is more resistant.} Nf6 23. b3) 22... Nf6 {Threatens to win with ...Nxe4+.} 23. Ke1 Nh5 24. Qf2 Bh6 25. b3 Bg7 ({Don't take} 25... g4 26. Nc4 $19) 26. Kd2 a5 27. Rh1 Rhf8 28. Ng1 g4 {[%cal Rg4f3]} 29. Bf1 $2 {[#]} (29. Kc2) 29... Nxf3+ 30. Nxf3 Rxf3 31. Bb5+ Ke7 32. Qg1 Bh6 {[%cal Bg7h6,Bh6e3,Be3d4][%mdl 32]} 33. Qa1 Bxe3+ 34. Ke1 Bd4 35. Qc1 Re3+ 36. Kd1 g3 {[%cal Bg4g3,Bg3g2][%mdl 32] Black mates.} 37. Be2 g2 38. Rg1 Nf4 39. Qc4 Nxe2 40. Rxg2 Nc3+ 41. Kc2 Rxe4 42. Qd3 Bf5 {Accuracy: White = 14%, Black = 71%.} 0-1